000 00418nam a2200169Ia 4500
003 GCL
008 140319s9999 xx 000 0 eng d
040 _aGCL /
_cGCL
082 0 4 _a840
_bB M
100 1 _aBECHEUR, ALI
245 1 0 _aDE MIEL & D'ALOES /
_cBECHEUR, ALI
260 _a[S.N] :
_bCERES PRODUCTIONS ،
_c1989
300 _a211 P
650 0 4 _aLITERATURE
650 0 4 _aFRENCH LITERATURE
942 _2ddc
_cBK
999 _c20576
_d20576